000 00426 a2200169 4500
005 20250613090750.0
020 _a0-07-283471-4
082 _a33.003 MAR
100 _aMARSHALL, H. D
245 _aAccounting: What the Numbers Mean
250 _a6th Ed.
260 _aBoston
_bMcGraw-Hill Irwin
_c2004.
300 _aiii, 150p.
_bIndex
_c25 cm
700 _aWayne W. McManus
700 _a Daniel F. Viele
942 _2ddc
_cBKS
999 _c3687
_d3687